[Event "Figueira da Foz 2009"]
[Site "?"]
[Date "2009.11.29"]
[Round "1.2"]
[White "Durão, Joaquim"]
[Black "Spraggett, Kevin"]
[Result "1/2-1/2"]
[WhiteElo "2046"]
[BlackElo "2594"]
[PlyCount "34"]
[EventDate "2009.??.??"]

1. d4 Nf6 2. c4 e6 3. Nc3 Bb4 4. e3 O-O 5. Bd3 d5 6. Nge2 dxc4 7. Bxc4 e5 8. a3
exd4 9. axb4 dxc3 10. Qxd8 Rxd8 11. bxc3 Be6 12. Bxe6 fxe6 13. f3 Nbd7 14. e4
Ne5 15. Nd4 Kf7 16. Ke2 Nc4 17. Be3 a6 1/2-1/2

[Event "Figueira da Foz 2009"]
[Site "?"]
[Date "2009.11.29"]
[Round "1.4"]
[White "Babo, Miguel"]
[Black "Dzhumaev, Marat"]
[Result "0-1"]
[WhiteElo "1947"]
[BlackElo "2528"]
[PlyCount "48"]
[EventDate "2009.??.??"]

1. d4 f5 2. Bg5 g6 3. Nc3 Bg7 4. e4 fxe4 5. Nxe4 Nf6 6. Nxf6+ exf6 7. Qe2+ Kf7
8. Be3 d5 9. O-O-O Nc6 10. Nf3 Qd6 11. Qd2 Bf5 12. Bf4 Qb4 13. a3 Qa4 14. Bd3
Be4 15. Bxe4 dxe4 16. d5 Ne7 17. Ne1 Rhd8 18. d6 cxd6 19. Bxd6 Rd7 20. Qe2 Rad8
21. g3 Rxd6 22. Rxd6 Rxd6 23. Ng2 Bh6+ 24. Kb1 Rd2 0-1

[Event "Figueira da Foz 2009"]
[Site "?"]
[Date "2009.11.29"]
[Round "1.5"]
[White "Romanishin, Oleg"]
[Black "Pena, Hélio"]
[Result "1-0"]
[WhiteElo "2510"]
[BlackElo "1926"]
[PlyCount "109"]
[EventDate "2009.??.??"]

1. Nf3 Nf6 2. g3 g6 3. Bg2 Bg7 4. c4 c5 5. O-O O-O 6. d4 cxd4 7. Nxd4 Nc6 8.
Nc3 Nxd4 9. Qxd4 d6 10. Qd3 Rb8 11. Be3 Bf5 12. Qd2 b6 13. Bd4 Be6 14. b3 Qd7
15. Rfd1 Rfd8 16. Rac1 Bh3 17. Bh1 Qf5 18. a4 e6 19. Bxf6 Bxf6 20. Nb5 Bg5 21.
e3 Bg4 22. f3 Qc5 23. Re1 a6 24. Nc3 Bf5 25. g4 Bh4 26. Rf1 Bf6 27. gxf5 gxf5
28. f4 Kh8 29. Bf3 Rg8+ 30. Kh1 Rg7 31. Ne2 Qa3 32. Ng3 Qxb3 33. Nh5 Bb2 34.
Rb1 Bc3 35. Rxb3 Bxd2 36. Nxg7 Kxg7 37. Rd1 Ba5 38. Rxd6 Rc8 39. Rc6 Rd8 40. c5
bxc5 41. Rxc5 Bd2 42. Be2 Be1 43. Rc1 Bf2 44. Kg2 Bh4 45. Rc2 a5 46. Kf1 Rd7
47. Bf3 Kg6 48. Ke2 Rd8 49. Rb5 f6 50. Rxa5 Re8 51. Rc6 Re7 52. Rb5 Kg7 53.
Rcb6 Kg6 54. Rb7 Re8 55. Rb8 1-0

[Event "Figueira da Foz 2009"]
[Site "?"]
[Date "2009.11.29"]
[Round "1.6"]
[White "Felício, Fernando"]
[Black "Todorov, Todor"]
[Result "0-1"]
[WhiteElo "1916"]
[BlackElo "2496"]
[PlyCount "28"]
[EventDate "2009.??.??"]

1. d4 d6 2. c4 e5 3. d5 f5 4. Nc3 Nf6 5. Nf3 Be7 6. Qc2 O-O 7. e4 Nxe4 8. Nxe4
fxe4 9. Qxe4 Bf5 10. Qe3 Na6 11. Bd3 Bxd3 12. Qxd3 Nc5 13. Qc3 e4 14. b4 exf3
0-1

[Event "Figueira da Foz 2009"]
[Site "?"]
[Date "2009.11.29"]
[Round "1.7"]
[White "Campora, Daniel"]
[Black "Carapeto, Ricardo"]
[Result "1-0"]
[WhiteElo "2488"]
[BlackElo "1894"]
[PlyCount "51"]
[EventDate "2009.??.??"]

1. e4 c6 2. d4 d5 3. e5 Bf5 4. c4 e6 5. Nc3 Bb4 6. Qb3 a5 7. a3 Bxc3+ 8. bxc3
Qc7 9. a4 Ne7 10. Ba3 b6 11. Bd6 Qd8 12. Nf3 h6 13. cxd5 exd5 14. Be2 O-O 15.
Bxe7 Qxe7 16. Qxb6 Rc8 17. O-O Nd7 18. Qb2 c5 19. Rfe1 c4 20. Qc1 Nf8 21. Nd2
Ne6 22. Nf1 Qd7 23. Ng3 Bh7 24. Bg4 f6 25. f4 Bd3 26. h3 1-0

[Event "Figueira da Foz 2009"]
[Site "?"]
[Date "2009.11.29"]
[Round "1.8"]
[White "Rodrigues, Luís"]
[Black "Kasparov, Sergei"]
[Result "0-1"]
[WhiteElo "1875"]
[BlackElo "2483"]
[PlyCount "68"]
[EventDate "2009.??.??"]

1. d4 Nf6 2. c4 c5 3. d5 b5 4. b3 e6 5. dxe6 fxe6 6. e3 b4 7. Bb2 Bb7 8. Nf3
Be7 9. Nbd2 O-O 10. Qc2 Kh8 11. O-O-O Nc6 12. h4 Qe8 13. h5 h6 14. Nh4 Kg8 15.
Ng6 Rf7 16. Nxe7+ Qxe7 17. Qg6 d6 18. Nf3 Nh7 19. Bd3 Nf8 20. Qg3 Rd8 21. Bg6
Nxg6 22. Qxg6 e5 23. Qc2 Qe6 24. Rh4 a5 25. Nh2 Ne7 26. Rg4 Rf5 27. Qe2 Rdf8
28. f4 R8f7 29. g3 a4 30. e4 exf4 31. Re1 f3 32. Qe3 Rxh5 33. Rh4 Rxh4 34. gxh4
f2 0-1

[Event "Figueira da Foz 2009"]
[Site "?"]
[Date "2009.11.29"]
[Round "1.9"]
[White "Petkov, Vladimir"]
[Black "Beltran, Edda"]
[Result "1-0"]
[WhiteElo "2477"]
[BlackElo "1870"]
[PlyCount "71"]
[EventDate "2009.??.??"]

1. Nf3 c5 2. c4 Nc6 3. Nc3 d6 4. d4 cxd4 5. Nxd4 e6 6. g3 Bd7 7. Ndb5 Nb4 8.
Bf4 Bc6 9. e4 e5 10. Be3 Nf6 11. Bg2 Be7 12. a3 Na6 13. Nxa7 O-O 14. b4 Bd7 15.
Nab5 Be6 16. Nd5 Bxd5 17. exd5 Nd7 18. O-O f5 19. f4 e4 20. Rc1 Rc8 21. c5 dxc5
22. d6 Bf6 23. Qd5+ Rf7 24. bxc5 Qa5 25. Nc7 Nxc7 26. Qxb7 Qa8 27. c6 Nf8 28.
dxc7 Rfxc7 29. Qxa8 Rxa8 30. Rfd1 Rxa3 31. Bb6 Rc8 32. Bf1 h6 33. c7 Ne6 34.
Bc4 Kf7 35. Rd7+ Be7 36. Bc5 1-0

[Event "Figueira da Foz 2009"]
[Site "?"]
[Date "2009.11.29"]
[Round "1.10"]
[White "Cavaleiro, Daniel"]
[Black "Galego, Luís"]
[Result "0-1"]
[WhiteElo "1856"]
[BlackElo "2446"]
[PlyCount "76"]
[EventDate "2009.??.??"]

1. Nf3 Nf6 2. g3 d6 3. Bg2 e5 4. d3 Nc6 5. O-O Be7 6. c4 O-O 7. Nc3 Bf5 8. Nh4
Bg4 9. h3 Bd7 10. e4 Nd4 11. Be3 c5 12. f4 exf4 13. Bxf4 Be6 14. Nf3 Nxf3+ 15.
Qxf3 Nd7 16. Nd5 Ne5 17. Qe3 Nc6 18. Nxe7+ Qxe7 19. e5 dxe5 20. Bxe5 Bxh3 21.
Bxh3 Qxe5 22. Qxe5 Nxe5 23. Rae1 Rfe8 24. Bg2 Rab8 25. Bd5 g6 26. Re4 Kg7 27.
d4 cxd4 28. Rxd4 b6 29. Kg2 Rbd8 30. b3 f5 31. Re1 Kf6 32. a4 a5 33. Rd2 Re7
34. Rde2 Rde8 35. Kf1 Nd3 36. Rxe7 Rxe7 37. Rd1 Re3 38. Bc6 Rxg3 0-1

[Event "Figueira da Foz 2009"]
[Site "?"]
[Date "2009.11.29"]
[Round "1.11"]
[White "Dias, Paulo"]
[Black "Sousa, João"]
[Result "1-0"]
[WhiteElo "2391"]
[BlackElo "1855"]
[PlyCount "49"]
[EventDate "2009.??.??"]

1. d4 Nf6 2. c4 c5 3. d5 b5 4. cxb5 a6 5. Nc3 axb5 6. e4 b4 7. Nb5 d6 8. Bf4 g5
9. Bxg5 Nxe4 10. Bf4 Bd7 11. Bc4 Qa5 12. Qe2 Kd8 13. Nf3 Bg7 14. O-O h6 15.
Rfe1 Re8 16. a4 Nf6 17. Qd2 Bxb5 18. Bxb5 Rh8 19. Nh4 Nbd7 20. Nf5 Bf8 21. Bxh6
Bxh6 22. Nxh6 Rh7 23. Bd3 Rxh6 24. Qxh6 Ne5 25. Qf8+ 1-0

[Event "Figueira da Foz 2009"]
[Site "?"]
[Date "2009.11.29"]
[Round "1.13"]
[White "Ferreira, Jorge"]
[Black "Mendes, Carlos"]
[Result "1-0"]
[WhiteElo "2273"]
[BlackElo "1813"]
[PlyCount "65"]
[EventDate "2009.??.??"]

1. e4 e5 2. Nf3 Nf6 3. Nxe5 d6 4. Nf3 Nxe4 5. Nc3 Nxc3 6. dxc3 Be7 7. Bf4 Bf5
8. Nd4 Bg6 9. Qf3 Nd7 10. Qxb7 Rb8 11. Qf3 Rxb2 12. Nc6 Qa8 13. Bc4 Nf6 14. Bd3
Bh5 15. g4 Bxg4 16. Qg2 Bd7 17. Be4 Nxe4 18. Nxe7 Kxe7 19. Qxg7 Rg8 20. Qd4
Nxc3 21. Kd2 Ne4+ 22. Kc1 Rb6 23. Re1 f5 24. f3 Bc6 25. fxe4 Bxe4 26. Bg3 Qc6
27. Re2 Kf7 28. Kd2 Rgb8 29. Rf1 Ke6 30. Rxe4+ fxe4 31. Qf6+ Kd7 32. Qf5+ Ke8
33. Qe6+ 1-0

[Event "Figueira da Foz 2009"]
[Site "?"]
[Date "2009.11.29"]
[Round "1.14"]
[White "Andias, João"]
[Black "Padeiro, José"]
[Result "0-1"]
[WhiteElo "1800"]
[BlackElo "2262"]
[PlyCount "156"]
[EventDate "2009.??.??"]

1. e4 c6 2. Nc3 d5 3. Nf3 Bg4 4. h3 Bxf3 5. Qxf3 e6 6. d3 Nd7 7. exd5 cxd5 8.
Be2 Ngf6 9. O-O Rc8 10. Bd1 Bd6 11. Nb5 Bb8 12. d4 Qb6 13. Qd3 Ne4 14. c3 O-O
15. Bc2 a6 16. Na3 Qc7 17. g3 b5 18. Bf4 Qc6 19. Bxb8 Rxb8 20. f3 Nef6 21. Rac1
Qd6 22. Kg2 g6 23. Nb1 b4 24. Bb3 a5 25. Rf2 Nh5 26. f4 Nhf6 27. Bd1 Ne4 28.
Rfc2 Rfc8 29. c4 f5 30. c5 Qc6 31. Be2 Ndf6 32. Nd2 Nxd2 33. Rxd2 Ne4 34. Rdd1
Kg7 35. Qa6 Qxa6 36. Bxa6 Rc7 37. Bd3 Kf6 38. h4 Rd8 39. Kf3 h6 40. Rh1 a4 41.
Bxe4 fxe4+ 42. Ke3 Rg8 43. Rhf1 Ke7 44. Rh1 Kd7 45. Rh2 Kc6 46. Rhh1 Rf7 47.
Rhf1 Rgf8 48. Ke2 Rh7 49. Rh1 Rfh8 50. g4 Rf7 51. Ke3 Rhf8 52. Rcf1 g5 53. hxg5
hxg5 54. f5 exf5 55. Rh6+ Kc7 56. gxf5 Rxf5 57. Rh7+ Kc8 58. Rxf5 Rxf5 59. Rh8+
Kc7 60. Rh7+ Kc6 61. Rh6+ Kb5 62. Rb6+ Kc4 63. c6 Rf3+ 64. Ke2 Rf8 65. c7 Rc8
66. Rc6+ Kxd4 67. a3 bxa3 68. bxa3 g4 69. Ra6 Rxc7 70. Rxa4+ Ke5 71. Ra8 Rc2+
72. Ke1 Ra2 73. a4 d4 74. a5 Kf4 75. a6 Ke3 76. Kf1 d3 77. a7 d2 78. Rd8 Rxa7
0-1

[Event "Figueira da Foz 2009"]
[Site "?"]
[Date "2009.11.29"]
[Round "1.15"]
[White "Galvão, Henrique"]
[Black "Rato, Eduardo"]
[Result "1-0"]
[WhiteElo "2219"]
[BlackElo "1787"]
[PlyCount "129"]
[EventDate "2009.??.??"]

1. e4 e5 2. Nf3 Nc6 3. Bb5 Bc5 4. c3 Nf6 5. d4 exd4 6. e5 Nd5 7. O-O d3 8. Bxd3
Nde7 9. Nbd2 d6 10. Ne4 Bb6 11. exd6 cxd6 12. Bf4 Bc7 13. Ng3 Bg4 14. h3 Bxf3
15. Qxf3 O-O 16. Rad1 Ng6 17. Nf5 Nxf4 18. Qxf4 Qf6 19. Qg3 Rfe8 20. Ne3 Qe5
21. Qh4 h6 22. Ng4 Bd8 23. Nxe5 Bxh4 24. Nf3 Bf6 25. Bb5 Red8 26. Rd2 a6 27.
Ba4 b5 28. Bc2 Rac8 29. Rfd1 Ne5 30. Rxd6 Rxd6 31. Rxd6 Nc4 32. Rxa6 Nxb2 33.
Rb6 Bxc3 34. Rxb5 Bf6 35. Bb3 Nd3 36. Rb7 Nc5 37. Bxf7+ Kf8 38. Ra7 Be7 39. Ne5
Nd3 40. Nxd3 Kxf7 41. Kf1 g5 42. Ke2 Kf6 43. Ra6+ Kg7 44. Kd2 Bf6 45. Ra7+ Kg6
46. Ra6 Kg7 47. Ra4 Bc3+ 48. Ke3 Re8+ 49. Re4 Ra8 50. a4 Rf8 51. f3 Kf6 52. Nc5
Rd8 53. Rc4 Bd2+ 54. Ke2 Bf4 55. Ne4+ Kg6 56. a5 Rd5 57. Rc5 Rd4 58. g3 Bb8 59.
Rc6+ Kg7 60. Rb6 Be5 61. a6 Ra4 62. Re6 Ra2+ 63. Kd3 Bb8 64. Re8 Be5 65. Rxe5
1-0

[Event "Figueira da Foz 2009"]
[Site "?"]
[Date "2009.11.29"]
[Round "1.17"]
[White "Karlovich, Anastasia"]
[Black "Curado, António Mendes"]
[Result "1-0"]
[WhiteElo "2201"]
[BlackElo "1730"]
[PlyCount "87"]
[EventDate "2009.??.??"]

1. e4 e5 2. Nf3 Nc6 3. Nc3 Nf6 4. d4 Bb4 5. d5 Nxe4 6. Qd3 Bxc3+ 7. bxc3 Nf6 8.
dxc6 e4 9. cxd7+ Bxd7 10. Qe3 O-O 11. Ne5 Ng4 12. Nxg4 Bxg4 13. Be2 Bf5 14. O-O
b6 15. Qg5 Qxg5 16. Bxg5 c5 17. Rfd1 f6 18. Bc4+ Kh8 19. Bf4 Bg6 20. Kf1 Rad8
21. Bd6 Rfe8 22. Bb5 Rg8 23. Rd2 Bf7 24. Rad1 h6 25. a4 Kh7 26. Be7 Rxd2 27.
Rxd2 Be6 28. Rd8 f5 29. Rxg8 Kxg8 30. Bd6 Bc8 31. Bc4+ Kh7 32. Bb8 a6 33. Ba7
Bd7 34. Bxb6 Bxa4 35. Bxa6 Bxc2 36. Bxc5 Kg6 37. Ke2 Kf7 38. Bc4+ Kg6 39. Ke3
h5 40. Kf4 h4 41. h3 Kf6 42. Bd4+ Kg6 43. Be6 Bd3 44. Bxf5+ 1-0

[Event "Figueira da Foz 2009"]
[Site "?"]
[Date "2009.11.29"]
[Round "1.18"]
[White "Pais, Bruno"]
[Black "Kasparova, Tatiana"]
[Result "0-1"]
[WhiteElo "1712"]
[BlackElo "2191"]
[PlyCount "66"]
[EventDate "2009.??.??"]

1. d4 Nf6 2. c4 c5 3. d5 b5 4. cxb5 a6 5. b6 d6 6. Nc3 Nbd7 7. e4 g6 8. Nf3 Bg7
9. a4 Qxb6 10. a5 Qb4 11. Ra4 Qb8 12. Be2 O-O 13. O-O Ne8 14. Nd2 Nc7 15. Ra3
Nb5 16. Rb3 Qc7 17. Bxb5 axb5 18. Nxb5 Qd8 19. Nc4 Ba6 20. Re1 Rb8 21. Nba3 Rb4
22. Qc2 Qb8 23. Ree3 Bh6 24. Rxb4 cxb4 25. Nb1 Bxc4 26. Qxc4 Rc8 27. Qf1 Qc7
28. Bd2 Bxe3 29. Bxe3 Qxa5 30. Nd2 Ne5 31. f4 Ng4 32. Bd4 Qc7 33. Qf3 Qc1+ 0-1

[Event "Figueira da Foz 2009"]
[Site "?"]
[Date "2009.11.30"]
[Round "2.2"]
[White "Paunovic, Dragan"]
[Black "Ferreira, Jorge"]
[Result "1/2-1/2"]
[WhiteElo "2254"]
[BlackElo "2273"]
[PlyCount "128"]
[EventDate "2009.??.??"]

1. Nf3 c5 2. g3 Nc6 3. Bg2 g6 4. c4 Bg7 5. Nc3 e5 6. O-O Nge7 7. a3 O-O 8. Ne1
d6 9. Nc2 Be6 10. Ne3 Rb8 11. b4 cxb4 12. axb4 a6 13. b5 axb5 14. Nxb5 Nd4 15.
Rb1 Qd7 16. Ba3 Nxb5 17. Rxb5 Bxc4 18. Rb6 Be6 19. Rxd6 Qc7 20. Qc1 Rbc8 21.
Qxc7 Rxc7 22. Rb6 Ra8 23. Bd6 Rd7 24. Bxb7 Rad8 25. Bxe7 Rxe7 26. d3 Rc7 27.
Bf3 h5 28. h4 Bf8 29. Rfb1 Bc5 30. Rb8 Rxb8 31. Rxb8+ Kg7 32. Kg2 Bd4 33. Rb5
Bd7 34. Ra5 Bc3 35. Ra6 Bd4 36. Nd1 Rc2 37. Ne3 Bxe3 38. fxe3 Bb5 39. Rd6 e4
40. Bxe4 Rxe2+ 41. Kf3 Rd2 42. d4 Ba4 43. Bd5 f6 44. Bc6 Bc2 45. Rd7+ Kf8 46.
e4 Rd3+ 47. Kf2 Rd2+ 48. Ke1 Rd3 49. Bd5 Rxd4 50. Rf7+ Ke8 51. Rxf6 Bxe4 52.
Bf7+ Ke7 53. Rf4 Rd6 54. Bc4 Bf5 55. Be2 Kf6 56. Rb4 Re6 57. Kf2 Rd6 58. Rb7
Be6 59. Ra7 Bf5 60. Bc4 Be6 61. Bb5 Bg4 62. Ke3 Rb6 63. Bc4 Be6 64. Bxe6 Rxe6+
1/2-1/2

[Event "Figueira da Foz 2009"]
[Site "?"]
[Date "2009.11.30"]
[Round "2.3"]
[White "Dzhumaev, Marat"]
[Black "Galvão, Henrique"]
[Result "1/2-1/2"]
[WhiteElo "2528"]
[BlackElo "2219"]
[PlyCount "82"]
[EventDate "2009.??.??"]

1. e4 e5 2. Nf3 d5 3. Nxe5 Bd6 4. d4 dxe4 5. Nc4 Nf6 6. Bg5 Nc6 7. d5 Ne5 8.
Nxd6+ Qxd6 9. Nc3 O-O 10. h3 Bf5 11. Qd2 a6 12. O-O-O b5 13. Kb1 b4 14. Ne2 e3
15. Qxe3 Nxd5 16. Qd2 Qc5 17. Nd4 Nc3+ 18. bxc3 bxc3 19. Nb3 Rab8 20. Qd4 Qa5
21. Ka1 Rxb3 22. cxb3 Nc6 23. Qc4 Be6 24. Qe2 Qxg5 25. Qc2 Qa5 26. a4 Qb4 27.
Bc4 Bxc4 28. bxc4 Qxc4 29. Rb1 Nd4 30. Qa2 Qc5 31. Rhc1 Qe5 32. Qc4 c2 33. Rb2
g6 34. Ka2 Kg7 35. Rb7 Rc8 36. Ra7 a5 37. Rxa5 Qxa5 38. Qxd4+ Kg8 39. Rxc2 c5
40. Qc4 Ra8 41. Qb3 Qxa4+ 1/2-1/2

[Event "Figueira da Foz 2009"]
[Site "?"]
[Date "2009.11.30"]
[Round "2.4"]
[White "Padeiro, José"]
[Black "Romanishin, Oleg"]
[Result "0-1"]
[WhiteElo "2262"]
[BlackElo "2510"]
[PlyCount "121"]
[EventDate "2009.??.??"]

1. d4 Nf6 2. c4 e6 3. Nf3 b6 4. e3 Bb7 5. Bd3 Bb4+ 6. Nbd2 O-O 7. O-O d5 8. Qe2
c5 9. dxc5 bxc5 10. Nb3 Nbd7 11. a3 Ba5 12. Nxa5 Qxa5 13. cxd5 Bxd5 14. e4 c4
15. Bc2 Bb7 16. Bd2 Qh5 17. Bc3 Rac8 18. Rfe1 Nc5 19. Nd2 Qxe2 20. Rxe2 Nfd7
21. f3 Ba6 22. Ree1 f6 23. Kf2 Rfd8 24. Rad1 Nb6 25. Ba5 Rb8 26. b3 Nd3+ 27.
Bxd3 Rxd3 28. Nxc4 Nxc4 29. bxc4 Rxa3 30. Ra1 Rb2+ 31. Kg3 Rxa1 32. Rxa1 Bxc4
33. h4 a6 34. Rd1 e5 35. Rd2 Rb5 36. Bd8 Rb8 37. Ba5 h6 38. Rc2 Rb5 39. Rxc4
Rxa5 40. Rc8+ Kf7 41. Rc7+ Kg6 42. Ra7 Ra2 43. Ra8 a5 44. Ra7 a4 45. Kh2 a3 46.
Kg3 Ra1 47. Kh2 Kh7 48. Kg3 a2 49. Kh2 Kg8 50. Kg3 g6 51. Kh2 f5 52. Kg3 fxe4
53. fxe4 Kf8 54. Kh2 Ke8 55. g3 Kd8 56. Kg2 Kc8 57. Ra4 Kd7 58. Kh2 Kc6 59. Ra8
Kb5 60. Ra3 Kc4 61. Kg2 0-1

[Event "Figueira da Foz 2009"]
[Site "?"]
[Date "2009.11.30"]
[Round "2.5"]
[White "Todorov, Todor"]
[Black "Karlovich, Anastasia"]
[Result "1-0"]
[WhiteElo "2496"]
[BlackElo "2201"]
[PlyCount "57"]
[EventDate "2009.??.??"]

1. e4 e5 2. Nc3 Nf6 3. g3 d5 4. exd5 Nxd5 5. Bg2 Ne7 6. Nge2 Nbc6 7. O-O g6 8.
f4 Bg7 9. fxe5 Bxe5 10. d3 O-O 11. Bh6 Bg7 12. Bxg7 Kxg7 13. Qd2 Nd4 14. Nf4 c6
15. Rae1 Nef5 16. Kh1 Qa5 17. Qf2 h5 18. Ne4 Rh8 19. Bh3 Qb6 20. c3 Ne6 21. d4
Nc7 22. Bxf5 gxf5 23. Ng5 Nd5 24. Nxd5 cxd5 25. Re7 Rf8 26. Rfe1 Qf6 27. Qf4
Qg6 28. Nf3 Be6 29. R1xe6 1-0

[Event "Figueira da Foz 2009"]
[Site "?"]
[Date "2009.11.30"]
[Round "2.6"]
[White "Costa, João Guerra"]
[Black "Campora, Daniel"]
[Result "0-1"]
[WhiteElo "2205"]
[BlackElo "2488"]
[PlyCount "116"]
[EventDate "2009.??.??"]

1. e4 c6 2. d4 d5 3. e5 Na6 4. Nd2 Nc7 5. Nb3 g6 6. h4 h5 7. Nh3 Nh6 8. Nf4 Bg4
9. Be2 Bxe2 10. Qxe2 e6 11. g3 Nf5 12. Ng2 Na6 13. c3 Qd7 14. Bg5 c5 15. dxc5
Nxc5 16. Ne3 Nxe3 17. Nxc5 Bxc5 18. fxe3 Be7 19. Bxe7 Qxe7 20. O-O O-O-O 21.
Rf6 Qc7 22. Qf3 Rd7 23. Qf4 Re8 24. Qd4 Kb8 25. Raf1 Ree7 26. b3 a6 27. Kg2 Qc6
28. R1f2 Rc7 29. Rc2 Red7 30. Kg1 Rc8 31. Qf4 Qb6 32. Kf2 Rcc7 33. Qd4 Qa5 34.
Ke1 Rc6 35. a4 Qc7 36. Kd2 Qc8 37. Rc1 Rdc7 38. Qb4 Rc5 39. Rf3 Qe8 40. Rf6 Qc6
41. Qd4 a5 42. Rf4 Qe8 43. Kc2 b6 44. Kb2 f5 45. c4 Ka7 46. Qd2 Qh8 47. Qd4 Qc8
48. Rc3 Qe8 49. Ka3 Kb7 50. Rf2 Qe7 51. Ka2 dxc4 52. bxc4 Qe8 53. Ka3 Rd7 54.
Qf4 Ka7 55. Qf3 Rxe5 56. Kb2 Qe7 57. Ka2 Rc5 58. Rb3 Rd6 0-1

[Event "Figueira da Foz 2009"]
[Site "?"]
[Date "2009.11.30"]
[Round "2.7"]
[White "Kasparov, Sergei"]
[Black "Leite, Catarina"]
[Result "1-0"]
[WhiteElo "2483"]
[BlackElo "2188"]
[PlyCount "47"]
[EventDate "2009.??.??"]

1. e4 e5 2. Nf3 Nc6 3. Bb5 a6 4. Ba4 Nf6 5. Bxc6 dxc6 6. d3 Bd6 7. Nbd2 O-O 8.
O-O Nd7 9. b3 Nc5 10. Nc4 Ne6 11. Bb2 f6 12. d4 exd4 13. Nxd6 cxd6 14. Nxd4 d5
15. Re1 dxe4 16. Rxe4 Nxd4 17. Rxd4 Qa5 18. h3 Bf5 19. Qh5 Qe5 20. c4 Rae8 21.
Rf1 Bc8 22. Qd1 Qe2 23. Ba3 Rf7 24. Qxe2 1-0

[Event "Figueira da Foz 2009"]
[Site "?"]
[Date "2009.11.30"]
[Round "2.8"]
[White "Kasparova, Tatiana"]
[Black "Petkov, Vladimir"]
[Result "0-1"]
[WhiteElo "2191"]
[BlackElo "2477"]
[PlyCount "98"]
[EventDate "2009.??.??"]

1. e4 c5 2. Nf3 e6 3. d4 cxd4 4. Nxd4 Nc6 5. Nxc6 bxc6 6. Bd3 d5 7. O-O Bd6 8.
f4 Ne7 9. Kh1 O-O 10. Nd2 f5 11. e5 Bc7 12. Nf3 c5 13. c3 Bb7 14. Be2 Bb6 15.
Be3 Rc8 16. Bg1 Ng6 17. Qd2 Qe7 18. a4 a5 19. Ra3 Rfd8 20. Rb3 Ba7 21. Ng5 Bc6
22. Ra3 h6 23. Nf3 Qb7 24. Rb1 d4 25. cxd4 cxd4 26. Bc4 Nf8 27. Rb3 Qa8 28. Ba6
Rb8 29. Rxb8 Bxb8 30. Be2 Ba7 31. Qxa5 Ng6 32. Qd2 Qb7 33. b4 Bxa4 34. b5 d3
35. Bxa7 Qxa7 36. b6 Qb8 37. Bxd3 Bc6 38. Qe3 Qb7 39. Be2 Ne7 40. Bc4 Nd5 41.
Bxd5 Bxd5 42. Ne1 Ra8 43. Rc1 Ra6 44. Rb1 Be4 45. Rb2 Ra1 46. h3 Qa6 47. Kh2
Bb7 48. Nd3 Qa3 49. Qd4 Rd1 {tempo} 0-1

[Event "Figueira da Foz 2009"]
[Site "?"]
[Date "2009.11.30"]
[Round "2.9"]
[White "Galego, Luís"]
[Black "Redondo, Graciela"]
[Result "1-0"]
[WhiteElo "2446"]
[BlackElo "2077"]
[PlyCount "51"]
[EventDate "2009.??.??"]

1. e4 e6 2. d4 d5 3. Nc3 Nf6 4. exd5 exd5 5. Bd3 c6 6. h3 Bd6 7. Qf3 Qb6 8.
Nge2 Be6 9. O-O Nbd7 10. a3 O-O-O 11. b4 h5 12. Re1 Rde8 13. Bf4 Bxf4 14. Qxf4
Qc7 15. Qg5 g6 16. Nf4 Nh7 17. Qg3 Qd6 18. Nxh5 Qxg3 19. Nxg3 Nhf6 20. f4 Nh5
21. Nxh5 Rxh5 22. Re3 Rh4 23. g4 Reh8 24. f5 gxf5 25. gxf5 Rg8+ 26. Kh1 1-0

[Event "Figueira da Foz 2009"]
[Site "?"]
[Date "2009.11.30"]
[Round "2.11"]
[White "Spraggett, Kevin"]
[Black "Maltez, Nuno"]
[Result "1-0"]
[WhiteElo "2594"]
[BlackElo "2035"]
[PlyCount "205"]
[EventDate "2009.??.??"]

1. c4 e5 2. Nc3 Nc6 3. g3 f5 4. e3 Nf6 5. d4 d6 6. Bg2 g6 7. Nge2 Bg7 8. b4 O-O
9. b5 Ne7 10. a4 Qe8 11. Ba3 e4 12. h4 Qf7 13. Rc1 Rd8 14. Nf4 c6 15. Bf1 h6
16. Be2 g5 17. hxg5 hxg5 18. Nh5 Nxh5 19. Rxh5 Qf6 20. a5 Bd7 21. Rh2 Be8 22.
Bb2 Ng6 23. Ba1 Qe7 24. a6 Rab8 25. axb7 Rxb7 26. bxc6 Bxc6 27. Nd5 Qd7 28. Rh5
Bxd5 29. cxd5 Bf6 30. Qc2 Ne7 31. Qa2 Kg7 32. Kd2 Rc7 33. Rhh1 Rdc8 34. Bc3 Rb8
35. Qa5 Nc8 36. Ba6 Nb6 37. Ba1 Rxc1 38. Rxc1 Bd8 39. Qa2 Na8 40. Rc6 Nc7 41.
Be2 Rb7 42. Bc3 Ne8 43. Qa6 Bb6 44. Qa1 Nf6 45. Qa2 Ne8 46. Ba6 Rb8 47. Qa3 Kf7
48. Be2 Kg6 49. Bb4 Rd8 50. Qa2 g4 51. Bb5 Qe7 52. Qa6 Kf7 53. Bc4 Nc7 54. Qa3
Ne8 55. Ba6 Qd7 56. Qc1 Kg6 57. Bc8 Qe7 58. Qa3 Kg5 59. Be6 Kg6 60. Ke2 Kg5 61.
Kd1 Kg6 62. Kc2 Kg5 63. Kb1 Kg6 64. Ka2 Kg5 65. Qc1 Qb7 66. Bc8 Qh7 67. Ba6 Qh2
68. Qc2 Qh7 69. Ba3 Nc7 70. Bc4 Ne8 71. Bb3 Qd7 72. Qd1 Kg6 73. Qh1 Qh7 74. Qf1
Qh2 75. Rc2 Qh7 76. Ba4 Nf6 77. Bc6 Kg5 78. Qa6 Ng8 79. Kb3 Nf6 80. Ka4 Qe7 81.
Rc1 Qh7 82. Qb7 Qxb7 83. Bxb7 Ne8 84. Rh1 Nf6 85. Kb5 Kg6 86. Kc6 Ne8 87. Bb4
Kg7 88. Ra1 Kf6 89. Ba5 Ke7 90. Bxb6 axb6 91. Kxb6 Kf6 92. Rc1 Ke7 93. Rh1 Nf6
94. Kc6 Kf7 95. Ra1 Kg6 96. Ra8 Rxa8 97. Bxa8 Ne8 98. Kd7 Kf7 99. Bb7 Kf8 100.
Ke6 Ng7+ 101. Kxd6 Ke8 102. Bc6+ Kd8 103. Ke5 1-0

[Event "Figueira da Foz 2009"]
[Site "?"]
[Date "2009.11.30"]
[Round "2.12"]
[White "Rotstein, Arkadij"]
[Black "Durão, Joaquim"]
[Result "1-0"]
[WhiteElo "2520"]
[BlackElo "2029"]
[PlyCount "35"]
[EventDate "2009.??.??"]

1. d4 Nf6 2. Nf3 g6 3. g3 Bg7 4. Bg2 O-O 5. O-O d6 6. a4 c5 7. d5 e6 8. Nc3
exd5 9. Nxd5 Nxd5 10. Qxd5 Nc6 11. Bg5 Bf6 12. Rfe1 Be6 13. Qd2 d5 14. c3 Re8
15. Qf4 Kg7 16. e4 Bxg5 17. Nxg5 d4 18. b4 {tempo} 1-0

[Event "Figueira da Foz 2009"]
[Site "?"]
[Date "2009.11.30"]
[Round "2.16"]
[White "Pena, Hélio"]
[Black "Brandauer, Dorit"]
[Result "1-0"]
[WhiteElo "1926"]
[BlackElo "1840"]
[PlyCount "67"]
[EventDate "2009.??.??"]

1. e4 d6 2. d4 Nf6 3. Nc3 g6 4. h3 Bg7 5. Be3 O-O 6. Qd2 Nbd7 7. O-O-O c6 8.
Bh6 b5 9. Bxg7 Kxg7 10. e5 Ng8 11. f4 Qa5 12. b3 Qa3+ 13. Kb1 Nb6 14. Bxb5 cxb5
15. Nxb5 Qa6 16. Nc7 Nc4 17. Qb4 Na3+ 18. Kb2 Nxc2 19. Nxa6 Nxb4 20. Nxb4 Bf5
21. g4 Be4 22. Rh2 e6 23. Ne2 d5 24. Na6 f5 25. Nc5 Kf7 26. Nb7 Ke7 27. Nd6 Kd7
28. Nc3 Ne7 29. Na4 Nc8 30. Nc5+ Ke7 31. Ncb7 Nxd6 32. Nxd6 fxg4 33. hxg4 Rxf4
34. Rxh7+ 1-0

[Event "Figueira da Foz 2009"]
[Site "?"]
[Date "2009.11.30"]
[Round "2.17"]
[White "Rato, Eduardo"]
[Black "Felício, Fernando"]
[Result "0-1"]
[WhiteElo "1787"]
[BlackElo "1916"]
[PlyCount "84"]
[EventDate "2009.??.??"]

1. e4 e5 2. Bc4 Bc5 3. c3 Nc6 4. Nf3 h6 5. O-O d6 6. h3 Nf6 7. b4 Bb6 8. a4 a5
9. b5 Ne7 10. Qe2 O-O 11. d4 Ng6 12. Rd1 Qe7 13. Bd3 Re8 14. Re1 Nh5 15. Qf1
Nhf4 16. Bc2 Qf6 17. Bd1 exd4 18. cxd4 Bxd4 19. Nxd4 Qxd4 20. Ra3 Be6 21. Nd2
Ne5 22. Ree3 Bc4 23. Nxc4 Nxc4 24. Rec3 Nxa3 25. Rxa3 Qxe4 26. Be3 Nd5 27. Bf3
Nxe3 28. fxe3 Qb4 29. Ra1 Rxe3 30. Bxb7 Rae8 31. Kh2 Qh4 32. Bd5 Qg3+ 33. Kg1
Re1 34. Bxf7+ Kh8 35. Bxe8 Rxf1+ 36. Rxf1 Qe3+ 37. Kh1 Qxe8 38. Rc1 d5 39. Rc5
Qd7 40. Kg1 Qd6 41. Rc6 Qe5 42. Kf1 d4 0-1

[Event "Figueira da Foz 2009"]
[Site "?"]
[Date "2009.11.30"]
[Round "2.19"]
[White "Curado, Antóno Mendes"]
[Black "Rodrigues, Miguel"]
[Result "0-1"]
[WhiteElo "1730"]
[BlackElo "1875"]
[PlyCount "110"]
[EventDate "2009.??.??"]

1. e4 c5 2. Nf3 d6 3. d4 cxd4 4. Nxd4 Nf6 5. Nc3 g6 6. Be3 Ng4 7. Be2 Nxe3 8.
fxe3 Bg7 9. O-O O-O 10. Bc4 Nd7 11. Nce2 Ne5 12. Bb3 a5 13. c3 Bd7 14. Ng3 a4
15. Bc2 Nc4 16. Qc1 e5 17. Nf3 Qb6 18. Re1 Qxb2 19. Qxb2 Nxb2 20. Rab1 a3 21.
Bb3 Bh6 22. h4 Rac8 23. Ng5 Rxc3 24. Kh2 Kg7 25. Nf1 Bxg5 26. hxg5 f6 27. gxf6+
Rxf6 28. Nd2 Be6 29. Rbc1 Rc6 30. Rxc6 bxc6 31. Rc1 c5 32. Bxe6 Rxe6 33. Nc4
Nxc4 34. Rxc4 Re7 35. Ra4 Kf6 36. Rxa3 Ke6 37. Rc3 Ra7 38. Kg3 Rxa2 39. Kf3 Kd7
40. g3 Ra4 41. g4 Kc6 42. Rc2 c4 43. Rb2 Ra7 44. Rc2 Kc5 45. Ke2 Kb4 46. Kd2
Ra3 47. Ke2 Kb3 48. Rc1 Ra2+ 49. Kf3 c3 50. Rh1 c2 51. g5 Kb2 52. Rh2 Kb1 53.
Rh1+ c1=Q 54. Rg1 Kb2 55. Rg2+ Qc2 0-1